Előszó = Foreword
Elmentve itt :
| Szerző: | |
|---|---|
| Dokumentumtípus: | Könyv része |
| Megjelent: |
2016
|
| Sorozat: | A vallási kultúrakutatás könyvei
Belsőváros ékköve: Szent-Rókus-templom, Csongrád = Jewel of Belsőváros : Saint Roch Church, Csongrád |
| Kulcsszavak: | Templomépítészet - Magyarország - regionális - előszó, Egyháztörténet - katolikus - Magyarország - regionális - előszó, Csongrád |
| Tárgyszavak: | |
| Online Access: | http://acta.bibl.u-szeged.hu/67458 |
| LEADER | 01059naa a2200253 i 4500 | ||
|---|---|---|---|
| 001 | acta67458 | ||
| 005 | 20211004135642.0 | ||
| 008 | 200515s2016 hu o 0|| hun d | ||
| 020 | |a 978-963-88570-2-6 | ||
| 022 | |a 2064-4825 | ||
| 040 | |a SZTE Egyetemi Kiadványok Repozitórium |b hun | ||
| 041 | |a hun | ||
| 041 | |a eng | ||
| 100 | 2 | |a Kiss-Rigó László | |
| 245 | 1 | 0 | |a Előszó = Foreword |h [elektronikus dokumentum] / |c Kiss-Rigó László |
| 260 | |c 2016 | ||
| 300 | |a 11 | ||
| 490 | 0 | |a A vallási kultúrakutatás könyvei | |
| 490 | 0 | |a Belsőváros ékköve: Szent-Rókus-templom, Csongrád = Jewel of Belsőváros : Saint Roch Church, Csongrád | |
| 650 | 4 | |a Bölcsészettudományok | |
| 650 | 4 | |a Történettudomány és régészet | |
| 650 | 4 | |a Filozófia, etika és vallástudományok | |
| 695 | |a Templomépítészet - Magyarország - regionális - előszó, Egyháztörténet - katolikus - Magyarország - regionális - előszó, Csongrád | ||
| 856 | 4 | 0 | |u http://acta.bibl.u-szeged.hu/67458/1/vallasi_kulturakutatas_konyvei_028_011.pdf |z Dokumentum-elérés |